Southville International School and Colleges
Your cart is empty.
  • Cart
  • Lists
    Public lists Eva Luna New books Lux_list list_1
    Your lists Log in to create your own lists
  • Log in to your account
  • Your cookies
  • Search history
Southville International School and Colleges
  • Advanced search
  • Recent comments
  • Most popular
  • Libraries

Log in to your account

Log in with GOOGLE


If you do not have an external account, but do have a local account, you can still log in:

  1. Home
  2. MARC view: The Thief Lord /
Normal view MARC view ISBD view

The Thief Lord / (Record no. 47388)

[ view plain ]
MARC details
000 -LEADER
fixed length control field 01812cam a2200457 a 4500
001 - CONTROL NUMBER
control field 12686884
003 - CONTROL NUMBER IDENTIFIER
control field OSt
005 - DATE AND TIME OF LATEST TRANSACTION
control field 20140403134418.0
008 - FIXED-LENGTH DATA ELEMENTS--GENERAL INFORMATION
fixed length control field 020225r20022001nyua c 000 1 eng
010 ## - LIBRARY OF CONGRESS CONTROL NUMBER
LC control number 2002021037
020 ## - INTERNATIONAL STANDARD BOOK NUMBER
International Standard Book Number 043942089X
035 ## - SYSTEM CONTROL NUMBER
System control number (DLC) 2002021037
035 ## - SYSTEM CONTROL NUMBER
System control number (DLC)2854
040 ## - CATALOGING SOURCE
Original cataloging agency DLC
Transcribing agency DLC
Modifying agency DLC
041 1# - LANGUAGE CODE
Language code of text/sound track or separate title eng
Language code of original and/or intermediate translations of text ger
042 ## - AUTHENTICATION CODE
Authentication code lcac
050 00 - LIBRARY OF CONGRESS CALL NUMBER
Classification number PZ 7
Item number .F96624Th 2003
100 1# - MAIN ENTRY--PERSONAL NAME
Personal name Funke, Cornelia Caroline.
9 (RLIN) 17287
240 10 - UNIFORM TITLE
Uniform title <a href="Herr der Diebe.">Herr der Diebe.</a>
Language of a work English
245 14 - TITLE STATEMENT
Title The Thief Lord /
Statement of responsibility, etc Cornelia Funke ; [English translation, Oliver Latsch].
250 ## - EDITION STATEMENT
Edition statement 1st American ed.
260 ## - PUBLICATION, DISTRIBUTION, ETC. (IMPRINT)
Place of publication, distribution, etc New York :
Name of publisher, distributor, etc Scholastic,
Date of publication, distribution, etc 2003.
300 ## - PHYSICAL DESCRIPTION
Extent 349 p. :
Other physical details ill., map ;
Dimensions 22 cm.
520 ## - SUMMARY, ETC.
Summary, etc Escaping the aunt who wants to adopt only one of them, two orphaned brothers run away from Hamburg to Venice, finding shelter with a gang of street children and their leader, the thirteen-year-old "Thief Lord," while also eluding the detective hired to return them to Germany.
521 ## - TARGET AUDIENCE NOTE
Target audience note
526 ## - STUDY PROGRAM INFORMATION NOTE
Reading level 640
650 #1 - SUBJECT ADDED ENTRY--TOPICAL TERM
Topical term or geographic name as entry element Runaways
Form subdivision Fiction.
9 (RLIN) 24617
650 #1 - SUBJECT ADDED ENTRY--TOPICAL TERM
Topical term or geographic name as entry element Robbers and outlaws
Form subdivision Fiction.
9 (RLIN) 24618
650 #1 - SUBJECT ADDED ENTRY--TOPICAL TERM
Topical term or geographic name as entry element Brothers
Form subdivision Fiction.
9 (RLIN) 24619
650 #1 - SUBJECT ADDED ENTRY--TOPICAL TERM
Topical term or geographic name as entry element Detectives
Form subdivision Fiction.
9 (RLIN) 24620
650 #1 - SUBJECT ADDED ENTRY--TOPICAL TERM
Topical term or geographic name as entry element Orphans
Form subdivision Fiction.
9 (RLIN) 24621
650 #1 - SUBJECT ADDED ENTRY--TOPICAL TERM
Topical term or geographic name as entry element Street children
Form subdivision Fiction.
9 (RLIN) 24622
651 #1 - SUBJECT ADDED ENTRY--GEOGRAPHIC NAME
Geographic name Venice (Italy)
Form subdivision Fiction.
9 (RLIN) 24623
651 #1 - SUBJECT ADDED ENTRY--GEOGRAPHIC NAME
Geographic name Italy
Form subdivision Fiction.
9 (RLIN) 24624
700 1# - ADDED ENTRY--PERSONAL NAME
Personal name Latsch, Oliver.
9 (RLIN) 17291
856 42 - ELECTRONIC LOCATION AND ACCESS
Materials specified Publisher description
Uniform Resource Identifier <a href="http://www.loc.gov/catdir/description/schol051/2002021037.html">http://www.loc.gov/catdir/description/schol051/2002021037.html</a>
906 ## - LOCAL DATA ELEMENT F, LDF (RLIN)
a 7
b cbc
c orignew
d 1
e ocip
f 20
g y-gencatlg
942 ## - ADDED ENTRY ELEMENTS (KOHA)
Source of classification or shelving scheme Library of Congress Classification
Koha item type Books
Holdings
Withdrawn status Lost status Source of classification or shelving scheme Damaged status Home library Current library Shelving location Date acquired Total Checkouts Full call number Barcode Date last seen Copy number Price effective from Koha item type
    Library of Congress Classification   Munich Library Munich Library Scholastic Reading Center Section 03/14/2014   PZ 7 .F96624Th 2003 MS3059 03/14/2014 1 03/14/2014 Books

The Thief Lord /

APA

Funke C. C., Latsch O., . (2003). The Thief Lord. New York: Scholastic.

Chicago

Funke Cornelia Caroline, Latsch Oliver, . 2003. The Thief Lord. New York: Scholastic.

Harvard

Funke C. C., Latsch O., . (2003). The Thief Lord. New York: Scholastic.

MLA

Funke Cornelia Caroline, Latsch Oliver, . The Thief Lord. New York: Scholastic. 2003.

  • Place hold
  • Print
  • Cite
  • Add to your cart (remove)
  • Save record
    BIBTEX Dublin Core MARCXML MARC (non-Unicode/MARC-8) MARC (Unicode/UTF-8) MARC (Unicode/UTF-8, Standard) MODS (XML) RIS
  • More searches
    Search for this title in:
    Other Libraries (WorldCat) Other Databases (Google Scholar) Online Stores (Bookfinder.com) Open Library (openlibrary.org)

Exporting to Dublin Core...

SOUTHVILLE LIBRARY

Southville International School and Colleges Library

1281 Tropical Ave. Cor. Luxembourg St., BF Homes International, Las Pinas City

Tel. No. 8256374 / 252358 Loc. 117/146

Powered by Koha